Statistiques concernant Mots par définition #8 - Vocabulaire du Football

Cliquez ici pour prendre le quiz!

Statistiques générales

  • Ce quiz a été pris 815 fois
  • Le résultat moyen est 11 sur 15

Statistiques - réponses

GenreDéfinitionRéponse% Correct
Nom MasculinCoup franc tiré d'un coin du terrain, accordé à une équipe lorsqu'un adversaire a envoyé la balle derrière sa propre ligne de but.Corner
98%
Nom MasculinMontré par l'arbitre à un joueur et au public pour lui infliger un avertissement ou une expulsion immédiate.Carton
94%
Nom MasculinAction de bloquer, avec le pied, l'action de l'adversaire et, plus spécialement, glissade avec un ou deux pieds en avant, destinée à le déposséder du ballon.Tacle
88%
Nom FémininAction (généralement une passe) de frapper le ballon avec le talon.Talonnade
83%
Nom MasculinChacun des petits bourrelets fixés à la semelle des chaussures des joueurs.Crampon
82%
Nom MasculinJoueur qui fait partie de la ligne d'attaque dans les sports d'équipe, ou dont l'action est essentiellement offensive.Attaquant
81%
Nom FémininAu football, barre horizontale reliant les sommets des deux montants du but.Transversale
79%
Nom MasculinFootball. Employé particulièrement aux États-Unis et au Canada.Soccer
76%
Nom FémininDescente d'une équipe dans une catégorie inférieure.Relégation
75%
Nom FémininDans divers sports d'équipe, ligne qui, sur les côtés, délimite la largeur du terrain.Touche
69%
Nom MasculinTrajectoire assez élevée de la balle ou du ballon, passant au-dessus d'un ou de plusieurs adversaires avancés.Lob
68%
Nom MasculinChaque joueur placé aux extrémités de la ligne d'attaque d'une équipe de football.Ailier
66%
Nom FémininGroupe d'équipes qui doivent s'affronter, tour à tour, jusqu'à ce que chacun d'eux ou chacune d'elles ait rencontré tous les autres.Poule
64%
Nom MasculinDirigeant sportif chargé de choisir les membres d'une équipe officielle.Sélectionneur
51%
Nom MasculinMouvement de rotation imprimé à un ballon en vue d'en modifier la trajectoire et, généralement, le rebond.Effet
44%

Distribution des résultats

Percentile par nombre de réponses

% des personnes avec chaque résultat

Votre développement - résultats

Vous n’avez pas pris ce quiz